Statistics for Things that are Pink by Picture

Click here to take the quiz!

General Stats

  • This quiz has been taken 206 times
  • The average score is 8 of 15

Answer Stats

Answer% Correct
Flamingo
95%
Pink Panther
92%
Cotton candy
87%
Cherry blossom
83%
Macaron
77%
Patrick Star
69%
Pink Ribbon
68%
1963 Cadillac
51%
Hollywood Walk of Fame
40%
Hibiscus
30%
Newfoundland
22%
Dahlia
18%
Pink Jersey
16%
Argentina
13%
Lake Hillier
3%

Score Distribution

Percentile by Number Answered

Percent of People with Each Score

Your Score History

You have not taken this quiz